| 000 | 00615nam a2200229 u 4500 | ||
|---|---|---|---|
| 001 | 000056318 | ||
| 005 | 20200120223232.0 | ||
| 008 | 130614s2003 ag gr 000 0 spa d | ||
| 020 | _a9875502979 | ||
| 041 | 0 | _a|spa | |
| 043 | _as-ck--- | ||
| 082 | 0 | 4 |
_a646.406 _bP67 _221 |
| 100 | 1 | _aPoratto, María Laura, | |
| 245 | 1 | 0 |
_aPractideas : _bcostura para niños / _cpor la profesora María Laura Poratto. |
| 250 | _a1a. ed. | ||
| 260 |
_aBuenos Aires : _bLongseller, _c2003. |
||
| 300 |
_a47 p. : _bil., fot. |
||
| 490 | 0 | _aHacer y vender | |
| 650 | 1 | 4 | _aCostura |
| 650 | 2 | 4 | _aPrendas de vestir |
| 650 | 2 | 4 | _aNiñas |
| 999 |
_c5721 _d5721 |
||